ARRUPE JESUIT UNIVERSITY

CORONAVIRUS -STOP THE SPREAD - CLEAN,DISINFECT,COVER

Posthumous writings / (Record no. 131235)

MARC details
000 -LEADER
fixed length control field 01338cam a2200325 i 4500
001 - CONTROL NUMBER
control field 3226167
003 - CONTROL NUMBER IDENTIFIER
control field ARRUPE
005 - DATE AND TIME OF LATEST TRANSACTION
control field 20220405090712.0
008 - FIXED-LENGTH DATA ELEMENTS--GENERAL INFORMATION
fixed length control field 790227s1979 ilu b 001 0 eng
010 ## - LIBRARY OF CONGRESS CONTROL NUMBER
LC control number 79010986
020 ## - INTERNATIONAL STANDARD BOOK NUMBER
International Standard Book Number 0226261999
040 ## - CATALOGING SOURCE
Original cataloging agency DLC
Transcribing agency DLC
Modifying agency DLC
041 1# - LANGUAGE CODE
Language code of text/sound track or separate title engger
050 00 - LIBRARY OF CONGRESS CALL NUMBER
Classification number QA3
Item number .F74213 1979
082 00 - DEWEY DECIMAL CLASSIFICATION NUMBER
Classification number 510
300 ## - PHYSICAL DESCRIPTION
Dimensions 24 cm.
100 1# - MAIN ENTRY--PERSONAL NAME
Personal name Frege, Gottlob,
Dates associated with a name 1848-1925.
240 10 - UNIFORM TITLE
Uniform title <a href="Nachgelassene Schriften und Wissenschaftlicher Briefwechsel.">Nachgelassene Schriften und Wissenschaftlicher Briefwechsel.</a>
Number of part/section of a work v. 1.
Form subheading Selections.
Language of a work English
245 10 - TITLE STATEMENT
Title Posthumous writings /
Statement of responsibility, etc Gottlob Frege ; edited by Hans Hermes, Friedrich Kambartel, Friedrich Kaulbach, with the assistance of Gottfried Gabriel and Walburga Rödding ; translated by Peter Long, Roger White, with the assistance of Raymond Hargreaves.
260 ## - PUBLICATION, DISTRIBUTION, ETC. (IMPRINT)
Place of publication, distribution, etc Chicago :
Name of publisher, distributor, etc University of Chicago Press,
Date of publication, distribution, etc 1979.
300 ## - PHYSICAL DESCRIPTION
Extent xiii, 288 p. ;
500 ## - GENERAL NOTE
General note Translation of selections from v. 1. of Nachgelassene Schriften und Wissenschaftlicher Briefwechsel.
504 ## - BIBLIOGRAPHY, ETC. NOTE
Bibliography, etc Includes bibliographical references and index.
650 #0 - SUBJECT ADDED ENTRY--TOPICAL TERM
Topical term or geographic name as entry element Mathematics.
9 (RLIN) 7527
650 #0 - SUBJECT ADDED ENTRY--TOPICAL TERM
Topical term or geographic name as entry element Logic, Symbolic and mathematical.
700 1# - ADDED ENTRY--PERSONAL NAME
Personal name Hermes, Hans.
9 (RLIN) 51175
700 1# - ADDED ENTRY--PERSONAL NAME
Personal name Kambartel, Friedrich.
9 (RLIN) 51176
700 1# - ADDED ENTRY--PERSONAL NAME
Personal name Kaulbach, Friedrich.
9 (RLIN) 51177
906 ## - LOCAL DATA ELEMENT F, LDF (RLIN)
a 7
b cbc
c orignew
d 1
e ocip
f 19
g y-gencatlg
942 ## - ADDED ENTRY ELEMENTS (KOHA)
Source of classification or shelving scheme Library of Congress Classification
Koha item type Monograph ( Printed materials)
Holdings
Withdrawn status Lost status Source of classification or shelving scheme Damaged status Not for loan Collection code Home library Current library Shelving location Date acquired Total Checkouts Full call number Barcode Date last seen Price effective from Koha item type
    Library of Congress Classification     Main Collection ARRUPE LIBRARY ARRUPE LIBRARY Main Collection 05/04/2022   QA3 .F74213 1979 46600009261 05/04/2022 05/04/2022 Monograph ( Printed materials)

 

Arrupe Library. PO Box MP320 Mt Pleasant, Harare, Zimbabwe
263 242 745411|librarian@aju.ac.zw